000 00583nam a2200217Ia 4500
003 OSt
005 20220918210105.0
006 a|||||r|||| 00| 0
007 ta
008 220917b |||||||| |||| 00| 0 eng d
024 _a119,124
037 _cTextual
040 _aARTS
_cARTS
_beng
041 _2eng
_aeng
082 _aV73:19.N18<-N00, K9
245 0 _aForeign Relations of the United States
_b general Index 1900-18
260 _aN.Y
_bKraus
_c1969
650 _aHISTORY
942 _hV73:19.N18<-N00, K9
_cTEXL
_2CC
999 _c242391
_d242391